| 000 | 01368nam a2200193 4500 | ||
|---|---|---|---|
| 005 | 20250409145344.0 | ||
| 008 | 250409b |||||||| |||| 00| 0 eng d | ||
| 020 | _a9781509555437 | ||
| 037 | _cTextual | ||
| 040 |
_aRTL _cRTL |
||
| 100 | _aElliott, Anthony | ||
| 245 | _aAlgorithms of anxiety: Fear in the digital age | ||
| 260 |
_aCambridge _bPolity Press _c2024 |
||
| 300 |
_axi,218 p. : ill. _bIncludes index and notes |
||
| 520 | _aMachine learning algorithms are widely presumed to herald a world in which the crippling burdens of anxiety can be left behind. The digital revolution promises a brave new world where individuals, communities and organizations can at last take control of the future – anticipating, designing and commanding the future, possibly even with mathematical exactitude. Yet, paradoxically, algorithms have unleashed widespread fears and forebodings about the impact of digital technologies. Whether it’s worries about unemployment, distress about social media’s harmful effects on teenagers, or the fear of intrusive digital surveillance, we live in an age of turbo-charged anxiety where the prophecies of algorithms are increasingly enmeshed with fundamental disruption and anxieties about the future. | ||
| 650 |
_aMachine learning _9480917 |
||
| 650 |
_aDigital age _9752037 |
||
| 942 |
_2CC _n0 _cTB _hD6,9(B) R4 |
||
| 999 |
_c1308614 _d1308614 |
||